000 00927cam a2200205 4500
008 000000n2000 000 0 eng u
035 _a(Sirsi) u107338
245 _aRent Assessment Panel improvements
260 _c2000
490 _aDETR Press Release
_v (486) 21 July 2000, (2)
520 _aA report on the review of Rent Assessment Panels in England has just been published. Measures recommended in the report suggest tenants, landlords and leaseholders can expect a speedier, better quality service from Panels in future. Copies of the key findings of 'Rent Assessment Panels: Financial Management and Policy Review' are available at: www.detr.gov.uk
590 _aWB
650 _aRENT ASSESSMENT PANEL
650 _aLEASEHOLDERS
650 _aLANDLORD
650 _aTENANT
650 _aRENT ASSESSMENT PANELS: FINANCIAL AND MANAGEMENT REVIEW
690 _aLANDLORD AND TENANT-RENT REVIEWS
942 _n0
999 _c64176
_d64176